INFLUENCE OF SURFACE QUALITY AND MICROSTRUCTURE ON FATIGUE BEHAVIOR SINTERED STEELS

Bibliographic Details
Main Authors: Rodziňák, D. (Author), Dudrová, Eva, 1941- (Author)
Format: Article
Language:English
ISBN:8096822195

MARC

LEADER 00000naa a2200000uu 4500
001 vtls010941365
003 SK-MaSNL
005 20260302141057.0
008 210904|1999 xo |||||||||||||||||eng|
015 |a SNBRA 
035 |a (urnnbn)urn:nbn:sk:snk:ar-a0bc0x 
035 |a (uuid)c3e2b54e-92c0-49c4-a4dc-a5bdb6ca5cce 
035 |a urn:nbn:sk:snk-aau4ah 
040 |a SNKBUCL  |b slo  |c SNKBUCL  |e AACR2 
041 0 |a eng 
044 |a xo  |c SK 
100 1 |a Rodziňák, D.  |4 aut  |9 827967 
245 1 0 |a INFLUENCE OF SURFACE QUALITY AND MICROSTRUCTURE ON FATIGUE BEHAVIOR SINTERED STEELS  |c D. Rodziňák, E. Dudrová 
700 1 |a Dudrová, Eva,  |d 1941-  |4 aut  |9 236741 
773 0 |t Deformation and fracture in structural PM materials DF PM '99  |d Košice : Institute of materials research of the Slovak academy of sciences], 1999, 1999  |g S. 127-130  |z 8096822195 
958 |a OND 
958 |a article11 
958 |a chapter 
999 |c 1334113  |d 1336043